000 00818nam a22002897a 4500
003 CHAP
005 20220329134926.0
008 971013s1963 r 00010 d
010 _a28151
011 _a29123
035 _a33234
040 _cCHAP
082 _a591.5
_bM32
100 0 0 _aMacFayden, A.
_969378
245 _aAnimal ecology
_b: aims and methods
250 _a2 ed.
260 _aLondon :
_bPitman,
_c1963
300 _a344 p
590 _aBATCH-UPD
_b10
_c20130110
_lUCH01
_h1909
590 _aBATCH-UPD
_b10
_c20130410
_lUCH01
_h1236
590 _aBATCH-UPD
_b10
_c20130914
_lUCH01
_h1248
590 _aCONVERSION
_b10
_c20130109
_lUCH01
_h1316
650 1 4 _aEcologĂ­a animal.
_935170
901 _aBK
942 _cLIBRO
949 _a591.5 M32
_bBC
_cLIBRO
_d33724000373668
_eLIBRO
_h4780
_i33234
_si
_t95.00
999 _c28151
_d28151